New and junior faculty : a review of the literature (Record no. 73297)

MARC details
000 -CABECERA
campo de control de longitud fija 00634nam a2200217 a 4500
005 - FECHA Y HORA DE LA ÚLTIMA TRANSACCIÓN
campo de control 20210219153307.0
008 - ELEMENTOS DE LONGITUD FIJA--INFORMACIÓN GENERAL
campo de control de longitud fija 991125n 000 0 u
035 ## - NÚMERO DE CONTROL DEL SISTEMA
Número de control de sistema UPN01000089107
100 ## - ASIENTO PRINCIPAL--NOMBRE PERSONAL
Nombre de persona Finkelstein, Martin J.
222 ## - TÍTULO CLAVE
Título clave NEW DIRECTIONS FOR TEACHING AND LEARNING
245 ## - MENCIÓN DE TÍTULO
Título New and junior faculty : a review of the literature
300 ## - DESCRIPCIÓN FÍSICA
Extensión 5-14
362 ## - FECHAS DE PUBLICACIÓN Y/O DESIGNACIÓN SECUENCIAL
Fecha de publicación y/o designación secuencial No. 50, 1992
505 ## - NOTA DE CONTENIDO CON FORMATO PREESTABLECIDO
Nota de contenido con formato Diciembre 1992
653 0# - TERMINO DE INDIZACION - NO CONTROLADO
Término no controlado DESARROLLO DE LA FACULTAD
653 0# - TERMINO DE INDIZACION - NO CONTROLADO
Término no controlado PROFESORADO SIN PERMANENCIA
653 0# - TERMINO DE INDIZACION - NO CONTROLADO
Término no controlado PROFESORES PRINCIPIANTES
700 ## - ASIENTO SECUNDARIO--NOMBRE DE PERSONAL
Nombre de persona LaCelle-Peterson, Mark W.
904 ## - ELEMENTOS DE DATOS D LOCAL, LDD (RLIN)
a AC
b 026918
905 ## - TIPO DE MATERIAL
Tipo de material Articulo

No items available.